<?xml version="1.0" encoding="UTF-8"?>
<marc:record xmlns:marc="http://www.loc.gov/MARC21/slim">
   <marc:leader>00000nam a2200000 a 4500</marc:leader>
   <marc:datafield ind1="1" ind2=" " tag="100">
      <marc:subfield code="a">Bachmeier, Walter</marc:subfield>
      <marc:subfield code="4">aut</marc:subfield>
      <marc:subfield code="e">Verfasser/-in</marc:subfield>
   </marc:datafield>
   <marc:datafield ind1="0" ind2="0" tag="245">
      <marc:subfield code="a">Berge, Brotzeit, Bauernherbst</marc:subfield>
   </marc:datafield>
   <marc:datafield ind1="0" ind2="0" tag="245">
      <marc:subfield code="b">Ein Fall für Chefinspektor Egger</marc:subfield>
   </marc:datafield>
   <marc:datafield ind1="0" ind2="0" tag="245">
      <marc:subfield code="c">Walter Bachmeier</marc:subfield>
   </marc:datafield>
   <marc:datafield ind1=" " ind2="1" tag="264">
      <marc:subfield code="a">Berlin</marc:subfield>
      <marc:subfield code="b">epubli</marc:subfield>
      <marc:subfield code="c">2017</marc:subfield>
   </marc:datafield>
   <marc:datafield ind1="1" ind2=" " tag="490">
      <marc:subfield code="a">Chefinspektor Egger</marc:subfield>
   </marc:datafield>
   <marc:datafield ind1=" " ind2=" " tag="250">
      <marc:subfield code="a">5. Auflage</marc:subfield>
   </marc:datafield>
   <marc:datafield ind1="1" ind2=" " tag="520">
      <marc:subfield code="a">Angaben aus der Verlagsmeldung

Chefinspektor Egger - Chefinspektor Egger Chefinspektor Egger / Berge, Brotzeit, Bauernherbst : Ein Fall für Chefinspektor Egger / von Walter Bachmeier

Chefinspektor Egger ermittelt wieder

Es ist Bauernherbst im Salzburger Land, und die Krimmler Bevölkerung feiert ihre bäuerlichen Traditionen mit einem großen Straßenfest. Doch die Idylle trügt. Während der Feierlichkeiten wird ein Attentat auf den Bürgermeister von Krimml verübt. Chefinspektor Egger, der mit seiner Familie ebenfalls das Fest besucht, ist sofort zur Stelle und übernimmt den neuen Mordfall. Der Bürgermeister hatte in seiner Stadt nicht viele Freunde. Als jedoch ein weiterer Toter gefunden wird, überschlagen sich die Ereignisse. Gleich zwei Morde zwingen Egger zum Handeln …
</marc:subfield>
   </marc:datafield>
   <marc:datafield ind1=" " ind2=" " tag="020">
      <marc:subfield code="a">9783745046472</marc:subfield>
      <marc:subfield code="9">9783745046472</marc:subfield>
   </marc:datafield>
   <marc:datafield ind1=" " ind2=" " tag="300">
      <marc:subfield code="a">Online-Ressourcen, 324 Seiten</marc:subfield>
   </marc:datafield>
</marc:record>
